¿Quién vive en el estanque? / Julie Aigner-Clark (Registro nro. 48428)
[ vista simple ]
| 000 -LÍDER | |
|---|---|
| Campo fijo de descripción fija | 003560000a22001450004500 |
| 020 ## - NÚMERO INTERNACIONAL NORMALIZADO PARA LIBROS | |
| Número Internacional Normalizado del libro | 970-718-206-7 |
| 082 04 - NÚMERO DE CLASIFICACIÓN DECIMAL DEWEY | |
| Número de clasificación | B Ei68u |
| 001 - NÚMERO DE CONTROL | |
| Campo de control | 1257 |
| 100 1# - ASIENTO PRINCIPAL--NOMBRE PERSONAL | |
| Nombre personal | Aigner-Clark, Julie |
| 245 10 - TÍTULO | |
| Título del Material | ¿Quién vive en el estanque? / Julie Aigner-Clark |
| 260 ## - PUBLICACIÓN, DISTRIBUCIÓN, ETC. (PIE DE IMPRENTA) | |
| Lugar de publicación, distribución, etc. | México : Advanced Marketing |
| 300 ## - DESCRIPCIÓN FÍSICA | |
| Extensión | 9 Pag. / 15 cm. |
| 942 ## - TIPO DE MATERIAL (KOHA) | |
| Tipo de Item KOHA | Z- Libro General BINCO |
| Estado de Material | Estado de Perdido | Volumen-Parte/Tomo | Estado de Dañado | No para Préstamo | Tomo | Biblioteca de Origen | Biblioteca Permanente | Fecha de Adquisición | Total de Préstamos | Total de Renovaciones | Signatura Topográfica | Código de Barras | Última vez visto | Última vez Préstado | Ejemplar/Existencia | Fecha de Remplazo | Tipo de Material |
|---|---|---|---|---|---|---|---|---|---|---|---|---|---|---|---|---|---|
| Biblioteca Infantil Comunitaria BINCO | Biblioteca Infantil Comunitaria BINCO | 10/07/2008 | 1 | 2 | B Ei68u | B31622 | 16/02/2024 | 20/10/2023 | 1 | 26/01/2016 | Z- Libro General BINCO |
